[Event "Cologne-ch 05"]
[Site "Cologne"]
[Date "2004.12.18"]
[Round "3"]
[White "Hanasab, Bemani"]
[Black "Obeng, Kingsley"]
[Result "1-0"]
[WhiteElo "923"]
[BlackElo "1305"]
[PlyCount "114"]
[EventDate "2004.12.04"]
[EventType "swiss"]
[EventRounds "7"]
[EventCountry "GER"]
[SourceTitle "EXT 2006"]
[Source "ChessBase"]
[SourceDate "2005.11.24"]
[SourceVersion "1"]
[SourceVersionDate "2005.11.24"]
[SourceQuality "1"]

1. e4 c5 2. Nc3 Nc6 3. Nf3 d6 4. Bb5 Bd7 5. a3 a6 6. Be2 e6 7. b4 cxb4 8. axb4 Nxb4 9. 0-0 Nf6 10. Ba3 Nc6 11. d4 Be7 12. d5 Ne5 13. Nxe5 dxe5 14. d6 Bf8 15. Re1 Qc8 16. Qd2 Qc6 17. Rab1 Rc8 18. Bb4 b5 19. Ra1 Nxe4 20. Nxe4 Qxe4 21. Bf3 Qxc2 22. Qxc2 Rxc2 23. Rxa6 Rc8 24. Bb7 Rb8 25. Ra8 Rxa8 26. Bxa8 f6 27. Rd1 g6 28. Rc1 h5 29. Bc6 Bxd6 30. Bxd6 Bxc6 31. Rxc6 Kd7 32. Ra6 Rc8 33. Ba3 Rc3 34. h4 g5 35. hxg5 fxg5 36. Bb2 Rc6 37. Rxc6 Kxc6 38. Bxe5 g4 39. Kf1 Kd5 40. Ba1 Kc4 41. Ke2 b4 42. g3 b3 43. Kd2 Kb4 44. Kc1 Ka3 45. Kb1 Kb4 46. Be5 Kc4 47. Kb2 Kd5 48. Bf4 Ke4 49. Kxb3 Kf3 50. Be3 Kg2 51. Kc3 Kh3 52. Kd4 h4 53. gxh4 Kxh4 54. Bf4 Kh3 55. Bg3 Kg2 56. Ke4 Kh3 57. Kf4 Kg2 1-0

[Event "Cologne-ch 05"]
[Site "Cologne"]
[Date "2004.12.04"]
[Round "1"]
[White "Hanasab, Bemani"]
[Black "Klemp, Uwe"]
[Result "0-1"]
[WhiteElo "923"]
[BlackElo "1668"]
[PlyCount "90"]
[EventDate "2004.12.04"]
[EventType "swiss"]
[EventRounds "7"]
[EventCountry "GER"]
[SourceTitle "EXT 2006"]
[Source "ChessBase"]
[SourceDate "2005.11.24"]
[SourceVersion "1"]
[SourceVersionDate "2005.11.24"]
[SourceQuality "1"]

1. e4 e5 2. Nf3 Nc6 3. Nc3 Nf6 4. d4 exd4 5. Nxd4 d6 6. Bb5 Bd7 7. Bg5 Be7 8. Nxc6 Bxc6 9. Bxc6+ bxc6 10. Qf3 0-0 11. 0-0 Nd7 12. Bf4 Bf6 13. Rfe1 Be5 14. Rad1 Qf6 15. Bxe5 Qxf3 16. gxf3 Nxe5 17. Rd3 Nxd3 18. cxd3 Rae8 19. Rc1 f5 20. Ne2 c5 21. Ng3 fxe4 22. fxe4 g6 23. Kg2 Re7 24. a3 c6 25. b4 Ref7 26. Rf1 cxb4 27. axb4 Rf3 28. d4 Rb3 29. Rc1 Rxb4 30. Rxc6 Rxd4 31. Ra6 Rd2 32. Nh1 Rf7 33. h3 Rd7 34. Ng3 Kf7 35. Nf1 Rb2 36. Ra3 Ke7 37. Ne3 Ke6 38. Nc4 Rb5 39. Ne3 Re5 40. f4 Rh5 41. Ra2 a5 42. Kf3 Ra7 43. Rd2 Ra6 44. Nc4 Rxh3+ 45. Ke2 Rh2+ 0-1

[Event "Cologne Longerich op 3rd"]
[Site "Cologne"]
[Date "2004.06.26"]
[Round "1"]
[White "Hanasab, Bemani"]
[Black "Kuechenhofen, Rudolf"]
[Result "0-1"]
[WhiteElo "900"]
[BlackElo "1641"]
[PlyCount "52"]
[EventDate "2004.06.26"]
[EventType "swiss"]
[EventRounds "7"]
[EventCountry "GER"]
[SourceTitle "EXT 2006"]
[Source "ChessBase"]
[SourceDate "2005.11.24"]
[SourceVersion "1"]
[SourceVersionDate "2005.11.24"]
[SourceQuality "1"]

1. e4 e5 2. Nf3 Nc6 3. Nc3 Nf6 4. Bc4 h6 5. a3 a6 6. b4 b5 7. Bb3 d6 8. Bb2 Bb7 9. d3 Qd7 10. h3 Nd4 11. Nxd4 exd4 12. Ne2 c5 13. c3 c4 14. Nxd4 cxb3 15. Qxb3 Be7 16. Nf5 0-0 17. 0-0 d5 18. e5 Qxf5 19. exf6 gxf6 20. Qd1 Kh7 21. Qd2 Rg8 22. d4 Qxh3 23. g3 Bd6 24. Qe3 Bxg3 25. fxg3 Rxg3+ 26. Kf2 Qg2+ 0-1